Собрание сочинений: в 3 т.; пер. с укр.; Т. 2. Рассказы

Detaylı Bibliyografya
Yazar: Франко И. Я. Иван Яковлевич
Diğer Yazarlar: Погребенник Ф. (составитель)
Dil:Rusça
Baskı/Yayın Bilgisi: Москва, Художественная литература, 1990
Konular:
Materyal Türü: Kitap
KOHA link:https://koha.lib.tpu.ru/cgi-bin/koha/opac-detail.pl?biblionumber=151760

MARC

LEADER 00000nam0a2200000 4500
001 151760
005 20231101221601.0
010 |a 5280011320 
010 |a 5-280-01133-9 
020 |a RU  |b 90-37846 
035 |a (RuTPU)RU\TPU\book\164534 
035 |a RU\TPU\book\164533 
090 |a 151760 
100 |a 20090127g1990 m y0rusy5003 ca 
101 1 |a rus  |c ukr 
102 |a RU 
105 |a y z 000ay 
200 1 |a Собрание сочинений  |e в 3 т.   |e пер. с укр.  |h Т. 2. Рассказы  |f И. Я. Франко  |g сост. и коммент. Ф. Погребенник 
210 |a Москва  |c Художественная литература  |d 1990 
215 |d 21 см  |a 479 с. 
610 1 |a украинская литература 
610 1 |a проза 
610 1 |a рассказы 
675 |a 883  |z rus 
700 1 |a Франко  |b И. Я.  |c украинский писатель  |c общественный деятель  |f 1856-1916  |g Иван Яковлевич  |2 stltpush  |3 (RuTPU)RU\TPU\pers\13055  |9 3755 
702 1 |a Погребенник  |b Ф.  |4 220 
801 0 |a RU  |b RuMRKP  |c 19950417  |g psbo 
801 1 |a RU  |b 63413507  |c 20090127  |g PSBO 
801 2 |a RU  |b 63413507  |c 20220428  |g PSBO 
942 |c BK